Flag Maps of UN Member States - Statistics

General Stats
  • This quiz has been taken 144 times
  • The average score is 16 of 20
Answer Stats
Picture Answer % Correct
Albania
100%
Angola
100%
Armenia
100%
Australia
100%
Austria
100%
Bangladesh
100%
Belarus
100%
Belgium
100%
Benin
100%
Botswana
100%
Brazil
100%
Cambodia
100%
Canada
100%
China
100%
Cuba
100%
Denmark
100%
Dominican Republic
100%
Ecuador
100%
El Salvador
100%
Estonia
100%
Finland
100%
France
100%
Gabon
100%
Georgia
100%
Germany
100%
Greece
100%
Guinea-Bissau
100%
Guyana
100%
India
100%
Ireland
100%
Israel
100%
Japan
100%
Kenya
100%
Malta
100%
Mexico
100%
Mongolia
100%
Myanmar
100%
Nepal
100%
Netherlands
100%
North Korea
100%
North Macedonia
100%
Norway
100%
Pakistan
100%
Palau
100%
Papua New Guinea
100%
Paraguay
100%
Peru
100%
Portugal
100%
Qatar
100%
Romania
100%
Rwanda
100%
San Marino
100%
Slovakia
100%
South Korea
100%
Sweden
100%
Switzerland
100%
Trinidad and Tobago
100%
Turkey
100%
Turkmenistan
100%
Uganda
100%
Uzbekistan
100%
Yemen
100%
Zambia
100%
Laos
92%
Czech Republic
90%
Honduras
89%
Russia
89%
Indonesia
88%
Kazakhstan
88%
Liberia
88%
Philippines
88%
Somalia
88%
Belize
86%
Lebanon
86%
Mauritania
86%
Moldova
86%
Morocco
86%
Slovenia
86%
Thailand
86%
United Kingdom
86%
Vietnam
86%
Chile
83%
Gambia
83%
Ghana
83%
Hungary
83%
Jamaica
83%
Niger
83%
Iran
82%
Senegal
82%
South Africa
82%
Algeria
80%
Bhutan
80%
Cameroon
80%
Central African Republic
80%
Costa Rica
80%
Egypt
80%
Eswatini
80%
Guatemala
80%
Italy
80%
Kuwait
80%
Lesotho
80%
Madagascar
80%
Malaysia
80%
Nicaragua
80%
Panama
80%
Sierra Leone
80%
Spain
80%
Tanzania
80%
Uruguay
80%
Venezuela
80%
Cyprus
78%
Kiribati
78%
Ukraine
78%
Barbados
75%
Brunei
75%
Cape Verde
75%
East Timor
75%
Haiti
75%
Iraq
75%
Ivory Coast
75%
Libya
75%
Liechtenstein
75%
Maldives
75%
Mali
75%
New Zealand
75%
Oman
75%
Serbia
75%
South Sudan
75%
United States
75%
Burundi
71%
Monaco
71%
Montenegro
71%
Mozambique
71%
Saudi Arabia
71%
Solomon Islands
71%
Syria
71%
Afghanistan
67%
Andorra
67%
Azerbaijan
67%
Bolivia
67%
Burkina Faso
67%
Chad
67%
Colombia
67%
Djibouti
67%
Jordan
67%
Nigeria
67%
Saint Lucia
67%
Samoa
67%
Singapore
67%
Sri Lanka
67%
Sudan
67%
Suriname
67%
Togo
67%
Tunisia
67%
Zimbabwe
67%
Croatia
63%
Malawi
63%
Bahrain
60%
Comoros
60%
Latvia
60%
Lithuania
60%
Antigua and Barbuda
50%
Argentina
50%
Bahamas
50%
Bulgaria
50%
Democratic Republic of the Congo
50%
Dominica
50%
Eritrea
50%
Ethiopia
50%
Fiji
50%
Grenada
50%
Guinea
50%
Luxembourg
50%
Nauru
50%
Poland
50%
Republic of the Congo
50%
Saint Vincent and the Grenadines
50%
Seychelles
50%
Tonga
50%
United Arab Emirates
50%
Vanuatu
50%
Kyrgyzstan
43%
Mauritius
43%
Federated States of Micronesia
40%
Namibia
40%
Tajikistan
40%
Saint Kitts and Nevis
33%
Tuvalu
29%
Equatorial Guinea
25%
Iceland
25%
Marshall Islands
25%
São Tomé and Príncipe
13%
Bosnia and Herzegovina
0%
No matching quizzes found
Score Distribution
Percent of People with Each Score
Percentile by Number Answered
Your Score History
You have not taken this quiz